Literary Love Triangles Quiz Stats

 Plays Quiz Updated Aug 7, 2015

Score 0/20 Timer 05:00
2 Plays Today
% Correct
Edward Cullen
83.6%
Jay Gatsby
83.3%
Count Alexei Karenin
75.7%
Peeta Mellark
72.5%
Rhett Butler
70.7%
Paris
67.4%
Robert Baratheon
67.1%
Cosette
56.1%
Heathcliff
53.7%
O-Lan
44.1%
% Correct
Erik (Phantom)
42.7%
Dr. Manhattan
40.9%
Arthur Dimmesdale
38.4%
Humbert Humbert
33.6%
Charles Darnay
28.8%
Adam Trask
28.2%
Mr. Teddy Lloyd
14.9%
Arabella Donn
12.7%
Robert Cohn
11.1%
Howard Roark
10.9%

You're not logged in!

Compare scores with friends on all Sporcle quizzes.
OR
Log In

You Might Also Like...

Show Comments

Extras

Top Quizzes Today


Score Distribution

Your Account Isn't Verified!

In order to create a playlist on Sporcle, you need to verify the email address you used during registration. Go to your Sporcle Settings to finish the process.

Report this User

Report this user for behavior that violates our Community Guidelines.

Details: